000 00974nas a2200301 4500
001 BR2015000927
003 BR-BrBNA
005 20231205125025.0
007 ta
008 230509b bl.|||p| |||| 00| 00por d
040 _aBR-BrBNA
_bpor
_cBiblioteca Nacional de Agricultura
041 _a(En)
072 _aF60
100 1 _aNaji, K.M.
100 1 _aDevaraj, V.R.
245 1 _aAntioxidant and other biochemical defense responses of Macrotyloma uniflorum (Lam.)Verdc. (Horse gram)induced by high temperature and salt stress
650 _aFISIOLOGIA VEGETAL
650 _aANALISE QUIMICA
650 _aSTRESS
650 _aOXIDACAO
650 _aENZIMA
650 _aANTIOXIDANTE
650 _aSALINIDADE
773 0 _tBrazilian Journal of Plant Physiology (Brazil)
_xISSN 1677-0420
_g(2011), v. 23(3) p. 187-195
_wBR2015000927
856 4 0 _uhttp://www.scielo.br/pdf/bjpp/v23n3/02.pdf
909 _a202311
_bLúcia
_c55
_dLúcia Elande
942 _2AGRIS
_n0
_cANA
999 _c242190
_d242190